Geography Quiz

Random Geography or City Quiz

300 'V' Cities in Africa Quiz Stats

Quiz not verified by Sporcle

Challenge
Share
Tweet
Embed
Score 0/90 Timer 20:00
0 Plays Today
City, Town % Correct
Vereeniging
57.9%
Victoria
47.4%
Victoria West
47.4%
Vacoas-Phoenix
42.1%
Victor Verster
36.8%
Viana
26.3%
Vryheid
15.8%
Victoria Falls
15.8%
Voi
15.8%
Veneza
15.8%
Veneza
15.8%
Vryburg
10.5%
Vredenburg
10.5%
Voinjama
10.5%
Vrede
10.5%
Vavoua
5.3%
Vumbi
5.3%
Virginia
5.3%
Vwawa
5.3%
Vihiga
5.3%
Ventersdorp
5.3%
Villiers
5.3%
Villiersdorp
5.3%
Vavou
5.3%
Venice
5.3%
Vassy
5.3%
Vukwi
5.3%
Varzea Fernandes
5.3%
Varzea Igreja
5.3%
Vandeikya
0%
City, Town % Correct
Vugizo
0%
Vele
0%
Vakon
0%
Vilankulo
0%
Vavatenina
0%
Vikindu
0%
Velingara
0%
Viljoenskroon
0%
Virei
0%
Vyanda
0%
Vekky
0%
Vohipaho
0%
Vohibinany
0%
Vidole
0%
Volksrust
0%
Vangaindrano
0%
Voueboufla
0%
Vondrozo
0%
Vredendal
0%
Verena
0%
Vogan
0%
Vallwater
0%
Vaalbank
0%
Vredefort
0%
Vigoi
0%
Ving'hawe
0%
Ventersburg
0%
Velddrif
0%
Vaseredou
0%
Verteth
0%
City, Town % Correct
Vanrhynsdorp
0%
Vohimanitra
0%
Vindza
0%
Venterstad
0%
Vuvulane
0%
Vieux Grand Port
0%
Vuwani
0%
Vanad
0%
Vouani
0%
Ville Bague
0%
Vake
0%
Verdun
0%
Verkeerdevlei
0%
Vubachikwe
0%
Vanadjou
0%
Vanstadensrus
0%
Van Wyksvlei
0%
Vanambouani
0%
Voungou
0%
Vosburg
0%
Vanderkloof
0%
Vieux-Dibwa
0%
Vila Clotilde
0%
Varanda
0%
Vale da Custa
0%
Vaalhoek
0%
Vouvouni
0%
Vingt Cinq
0%
Vicente Dias
0%
Vinagre
0%

You're not logged in!

Compare scores with friends on all Sporcle quizzes.
Sign Up with Email
OR
Log In

You Might Also Like...

Show Comments

Extras

Top Quizzes Today


Score Distribution

Your Account Isn't Verified!

In order to create a playlist on Sporcle, you need to verify the email address you used during registration. Go to your Sporcle Settings to finish the process.